00484nam a2200181 450000500170000000700040001700800040002104000090002505000220003410000230005624500600007925000120013926000400015130000350019150000190022665000350024570000220028020141016153804.0000000 aUOEL aQD31.2b.E22 1999 aEbbing, Darrell D. aGeneral chemistry /cDarrel D. Ebbing, Mark S. Wrighton a5th ed. aKrishan Nagar ;bA.I.T.B.S ,cc1999 a1087, 46, 18, 2, 26 p. :bill. aIncludes index aChemistry - GeneralxChemistry aWrighton, Mark S.